000 01194nam a2200337 i 4500
003 EG-GICUC
005 20260506130934.0
008 260506s1980 fr |||fr|||| 000 0 Fre d
020 _a227501137
040 _aEG-GiCUC
_bfre
_cEG-GiCUC
_dEG-GiCUC
_eRda
041 0 _afre
082 0 4 _a345.6
_bCA . A
_221
092 0 4 _221
099 _aLaw 07 345.6 CA . A 1980
100 1 _aCarbajo, Joël.
_eAuteur
245 1 0 _aL'Application Dans Le Temps Des Décisions Administratives Exécutoires :
_nTome CXXXIV /
_cPar Joël Carbajo, Marcel Waline; Préface De Jean-François Lachaume.
264 1 _aParis :
_bLibrairie Generale De Droit Et De Jurisprudence,
_c1980.
300 _a294 Page :
_c 24 cm.
336 _2rda contenu
_a texte
337 _2rda medias
_aOrdinateur
338 _2 transporteur rda
_a Ressource en ligne
490 _aBibliothéque De Droit Public
504 _aBibliography: pages 257-277
546 _aTexte en français
650 1 _aDroit Administratif
700 1 _aLachaume, Jean-François
_ePréfacier
700 1 _aWaline, Marcel
_eCo-Auteur
856 4 0 _uhttps://fll.law.cu.edu.eg/fulltext/bks/B07-06092.pdf
905 _a64
942 _2ddc
_n0
_cBK
_e21
999 _c76007
_d76007